000 00734cam a22002413a 4500
001 19796
003 PGUSA
005 20140828083423.0
008 061115s2006||||xxu|||||s|||||000 | eng d
040 _aPGUSA
_beng
042 _adc
050 4 _aB
100 1 _aDescartes, René,
_d1596-1650
245 1 0 _aDiscourse on the Method of Rightly Conducting One's Reason and of Seeking Truth in the Sciences
_h[electronic resource] /
_cRené Descartes
260 _bProject Gutenberg,
_c2006
506 _aPublic domain in the USA.
516 _aElectronic text
653 _aScience -- Methodology
653 _aMethodology
830 0 _aProject Gutenberg
_v19796
856 4 0 _uhttp://www.gutenberg.org/ebooks/19796
942 _cEB
999 _c249051
_d249051